UBT Library

Intermediate accounting / (Record no. 38977)

000 -LEADER
fixed length control field 00866cam a2200241 a 4500
001 - CONTROL NUMBER
control field 12133253
005 - DATE AND TIME OF LATEST TRANSACTION
control field 20171215041959.0
008 - FIXED-LENGTH DATA ELEMENTS--GENERAL INFORMATION
fixed length control field 000805s2001 nyua bi 001 0 eng
010 ## - LIBRARY OF CONGRESS CONTROL NUMBER
LC control number 00699593
020 ## - INTERNATIONAL STANDARD BOOK NUMBER
International Standard Book Number 0471363049
020 ## - INTERNATIONAL STANDARD BOOK NUMBER
International Standard Book Number 0471392251 (Wiley international ed.)
040 ## - CATALOGING SOURCE
Original cataloging agency DLC
Transcribing agency DLC
Modifying agency DLC
041 ## - LANGUAGE CODE
Language code of text/sound track or separate title eng
080 ## - UNIVERSAL DECIMAL CLASSIFICATION NUMBER
Universal Decimal Classification number 657.044
082 00 - DEWEY DECIMAL CLASSIFICATION NUMBER
Classification number 657.044
Edition number 21
100 1# - Rafti
Rafti 61
101 ## - Shkurtesa
Shkurtesa KIE
245 10 - TITLE STATEMENT
Title Intermediate accounting /
Statement of responsibility, etc Donald E. Kieso, Jerry J. Weygandt, Terry D. Warfield.
504 ## - BIBLIOGRAPHY, ETC. NOTE
Bibliography, etc Includes bibliographical references and index.
906 ## - LOCAL DATA ELEMENT F, LDF (RLIN)
a 7
b cbc
c origcop
d 3
e ncip
f 20
g y-gencatlg
942 ## - ADDED ENTRY ELEMENTS (KOHA)
Source of classification or shelving scheme
Item type Books
Holdings
Withdrawn status Lost status Source of classification or shelving scheme Damaged status Not for loan Collection code Permanent location Current location Shelving location Date acquired Total Checkouts Full call number Barcode Date last seen Price effective from Koha item type
          Koleksioni i përgjithshem UBT - Lipjan UBT - Lipjan Koleksioni i përgjithshem 12/15/2017   657.044 KIE 002-29581 12/15/2017 12/15/2017 Books
UBT Library © 2015-2024. All rights reserved University Education for Business and Technology